| 000 | 00441nam a2200133 a 4500 | ||
|---|---|---|---|
| 008 | 120416s1984 xx |||||||||||||| || u | ||
| 050 | _aU 263 Fre | ||
| 100 | _aFreedman, Lawrence | ||
| 245 | 1 | 4 | _aThe evolution of nuclear strategy |
| 250 | _a2nd ed. | ||
| 260 | _c1984 | ||
| 350 | _a0.00 | ||
| 995 |
_D0.00 _FCBU-MAIN LIBRARY (Kitwe) _H1 _I0.00 _UAVAILABLE _ZAnnex Low-Usage Collection |
||
| 999 |
_c42781 _d42781 |
||